=LDR 00000nam 2200000 4500 =001 INLIS000000000030538 =005 20201117023507 =035 ##$$a 0010-061300000030538 =008 201117################g##########0#ind## =041 ##$$a Ind =082 ##$$a 306.6 =090 ##$$a 306.6, Zam, t =100 ##$$a Zamzami,Amran =245 1#$$a Tragedi anaka bangsa : $b Pembantaian Teungku Bantaqiah dan santri-santrinya /$c Amran Zamzami =260 ##$$a Jakarta :$b Bina Rena Pariwara,$c 2001 =300 ##$$a xxvi,248 hlm : $b ilus. ; $c 21 x 15 cm. =650 #4$$a Konflik Sosial =850 ##$$a NBPNMAT =084 ##$$a 306.6 ZAM t =990 ##$$a 166.047/Hd-01